Vivere il matrimonio (Record n. 217525)

Dettagli MARC
000 -LEADER
fixed length control field 01512nam a2200205Ia 4500
001 - CONTROL NUMBER
control field a1683-42508
003 - CONTROL NUMBER IDENTIFIER
control field IT-MiCISF
008 - FIXED-LENGTH DATA ELEMENTS--GENERAL INFORMATION
fixed length control field 161014s9999||||xx |||||||||||||| ||und||
040 ## - CATALOGING SOURCE
Original cataloging agency IT-MiCISF
Transcribing agency IT-MiCISF
041 ## - LANGUAGE CODE
Language code of text/sound track or separate title it
999 ## - SYSTEM CONTROL NUMBERS (KOHA)
Koha Dewey Subclass [OBSOLETE] si
100 ## - MAIN ENTRY--PERSONAL NAME
Personal name Negri Luigi
245 #0 - TITLE STATEMENT
Title Vivere il matrimonio
Remainder of title Percorso di verifica per fidanzati e sposi
250 ## - EDITION STATEMENT
Edition statement 1a ed.
260 ## - PUBLICATION, DISTRIBUTION, ETC. (IMPRINT)
Place of publication, distribution, etc. Milano
Name of publisher, distributor, etc. Edizioni Ares
Date of publication, distribution, etc. 2006
300 ## - PHYSICAL DESCRIPTION
Extent pp. 174
500 ## - GENERAL NOTE
General note / pastorale-familiare, matrimonio-sacramento, preparazione-al-matrimonio, vocazione, rapporti-uomo-donna, famiglia, chiesa-domestica, valori, sessualità / La parola matrimonio evoca l'espressione piena di un'umanità responsabile che è segno di redenzione dentro la storia, anche attraverso gli aspetti materiali della vita. L'affezione reciproca è un sentimento grande ma al tempo stesso faticoso, come lo è mettere al mondo dei figli ed educarli; come è faticoso far fronte alle necessità economiche del quotidiano, specie alle soglie dell'esperienza coniugale... Ma che cosa rende lieve ogni difficoltà e fa del sacramento del matrimonio uno strumento privilegiato e incarnato della salvezza cristiana? Il suo porsi come segno di contraddizione nel contesto del mondo dominato dagli scopi individualisti e intraterreni del potere e del successo, come luogo della fedeltà, della condivisione, dell'ospitalità e del sacrificio reciproco e verso gli altri.
650 ## - SUBJECT ADDED ENTRY--TOPICAL TERM
Topical term or geographic name as entry element Temi di pastorale / pastorale-familiare
Relator term 012
942 ## - ADDED ENTRY ELEMENTS (KOHA)
Koha item type LIBRO
957 ## -
-- 1
999 ## - SYSTEM CONTROL NUMBERS (KOHA)
-- 1
Dati di copia
Withdrawn status Lost status Damaged status Not for loan Home library Current library Date acquired Total Checkouts Full call number Date last seen Price effective from Koha item type Public note
    Buone Condizioni Not For Loan CISF - Milano CISF - Milano 14/10/2016   a1683-42508 14/10/2016 14/10/2016 LIBRO Data import 15.10.2016 / by Epidotti, Vaglietti
CREDITS: SOCIETA' SAN PAOLO Via A.Severo, 58 - ROMA (RM) & PERIODICI SAN PAOLO SRL Via Giotto, 36 MILANO & CISF Via Giotto, 36 MILANO & EDIZIONI SAN PAOLO SRL,  Piazza Soncino, 5 CINISELLO BALSAMO (MI) -- ITALY